|
|
|
|
| LEADER |
01018nam a2200265 a 4500 |
| 001 |
12987729 |
| 003 |
BD-DhAAL |
| 008 |
100421r20042003njua b 001 0 eng d |
| 999 |
|
|
|c 8185
|d 8185
|
| 010 |
|
|
|a \\2002042490
|
| 020 |
|
|
|a 8129705249
|
| 020 |
|
|
|a 0131002872
|
| 040 |
|
|
|a DLC
|c DLC
|d DLC
|d BD-DhAAL
|
| 082 |
0 |
0 |
|a 005.13/3
|2 21
|
| 100 |
1 |
|
|a Eckel, Bruce.
|9 45462
|
| 245 |
1 |
0 |
|a Thinking in Java /
|c Bruce Eckel.
|
| 250 |
|
|
|a Third edition
|
| 260 |
|
|
|a Upper Saddle River, N.J. ;
|a New Delhi :
|b Prentice Hall,
|c c2003 [reprinted 2004].
|
| 300 |
|
|
|a 1120 pages :
|b illustrations ;
|c 24 cm.
|
| 504 |
|
|
|a Includes bibliographical references (p. 1091-1096) and index.
|
| 541 |
1 |
|
|e 00014098
|
| 650 |
|
0 |
|a Java (Computer program language)
|9 45463
|
| 852 |
4 |
|
|a Ayesha Abed Library
|j General Shelf
|
| 942 |
|
|
|2 ddc
|c BK
|
| 952 |
|
|
|0 0
|1 0
|2 ddc
|4 0
|6 005_133000000000000_ECK
|7 0
|9 9345
|a BRACUL
|b BRACUL
|c GEN
|d 2010-04-21
|g 880.00
|l 10
|m 56
|o 005.133 ECK
|p 3010014098
|r 2022-04-18
|s 2020-01-12
|t 1
|w 2010-04-21
|y BK
|x Price available in register book.
|